Statistics for 1984 Terminology Click Quiz

Click here to take the quiz!

General Stats

  • This quiz has been taken 50 times
  • The average score is 16 of 20

Answer Stats

HintAnswer% Correct
Formerly known as Great BritainAirstrip One
90%
The euphemistic and gender-neutral term for a fellow citizenComrade
90%
The smallest of the three superstates, encompassing China, Korea, and JapanEastasia
90%
Division that controls the economy and keeps the population in a state of starvationMinistry of Plenty
90%
Division that disseminates propaganda and manipulates historical recordsMinistry of Truth
90%
The act of harboring politically unorthodox thoughts and emotionsThoughtcrime
90%
An individual whose existence has been wiped from official records due to political crimesUnperson
90%
Simultaneously holding two contradictory ideas to be trueDoublethink
86%
A device that recognizes and dictates speech into written languageSpeakwrite
86%
A device that simultaneously acts as a display screen and a spy cameraTelescreen
86%
The god-like autocratic leader of OceaniaBig Brother
83%
The second largest superstate, encompassing mainland Europe and RussiaEurasia
83%
Division that wages war and conducts research and development on suchMinistry of Peace
83%
The official language of Oceania, designed to suppress independent thoughtNewspeak
83%
The common nickname for the largest and lowest social class in Oceania
Prole
79%
Oceania's task force charged with finding and arresting political criminalsThought Police
79%
The largest of the three existing superstates, where the novel takes placeOceania
76%
The ability to rid oneself of unorthodox or nonconforming thoughtsCrimestop
59%
The official political philosophy of OceaniaIngsoc
55%
Division that detains, tortures, and converts political prisoners and opponentsMinistry of Love
52%

Score Distribution

Percentile by Number Answered

Percent of People with Each Score

Your Score History

You have not taken this quiz